000 00713nam a2200193Ia 4500
003 IN-BaIIA
008 211028s9999 xx 000 0 eng d
040 _cIIA Library
080 _a084.4:520.244
_bFEL-III&IV
100 _aFeldman, Uri
_916256
245 3 _aAn atlas of extreme ultraviolet spectroheliograms from 170 to 625 angstroms
_bvol. III
_cUri Feldman, J. Dewitt Purcell and Brian Dohne
260 _aWashington
_bU. S. Naval Observatory
_c1987
300 _aiii, 129p.
650 _aAstronomy and Astrophysics Thesaurus
650 _aAtlas-Spectroheliograms
_95305
700 _aDewitt Purcell, J
_916257
700 _aDohne, Brian
_916258
942 _cBK
999 _c9636
_d9636